00836nam a2200253 a 450000100060000000300080000600500170001400800410003103500190007203500120009104000220010304100080012508200210013310000280015424500650018226000480024730000270029550000190032265000290034165000340037094200120040499900170041695201490043343796BD-RjUL20211209053744.0160627s1954 wau 1 0 eng d a(BD-RjUL)43914 a1042650 aNUN:SbengcNUN:S aeng a338.91bGRE 19541 aGrayson, Henry.913461410aEconomic planning under free enterprise /cby Henry Grayson. aWashington :bPublic Affairs Press,cc1954. aviii, 134 p. ;c20 cm. aIncludes index aEconomic policy.9134615 aBusiness forecasting.9134616 2ddccBK c43796d43796 00102ddc40708NFICaRUCLbRUCLcStackd1958-01-10ePak-American Councileg10.00l0o338.91 GRE 1954r2016-06-27 00:00:00tC-2w2016-06-27yBK